000 01178nam a22003377a 4500
003 CHAP
005 20220329134142.0
008 971013s1973 r 00010 d
010 _a16202
011 _a17174
035 _a21257
040 _cCHAP
082 _a641.1
_bG8Y
100 0 0 _aGuthrie, Helen A.
_951592
245 _aNutrición; curso programado
260 _aMéxico, D.F., :
_bPax-México,
_c1973
300 _a286 p
590 _aBATCH-UPD
_b10
_c20130110
_lUCH01
_h1756
590 _aBATCH-UPD
_b10
_c20130410
_lUCH01
_h1133
590 _aBATCH-UPD
_b10
_c20130914
_lUCH01
_h1557
590 _aCONVERSION
_b10
_c20130109
_lUCH01
_h1310
650 1 4 _aNutrición.
_982246
700 0 _aBraddock, Karen Sue.
_914947
901 _aBK
942 _cLIBRO
949 _a641.1 G8Y
_bBC
_cLIBRO
_d33724000139341
_eLIBRO
_fc.4
_h31686
_i21257
_si
949 _a641.1 G8Y
_bBC
_cLIBRO
_d33724000139358
_eLIBRO
_fc.3
_h31685
_i21257
_si
949 _a641.1 G8Y
_bBC
_cLIBRO
_d33724000139366
_eLIBRO
_fc.2
_h31684
_i21257
_si
949 _a641.1 G8Y
_bBC
_cLIBRO
_d33724000139374
_eLIBRO
_h31683
_i21257
_mD
_si
949 _a641.1 G8y
_bBC
_cLIBRO
_d33724002119603
_eLIBRO
_fc.5
_gI.c/e
_h111069
_i21257
_sb
999 _c16202
_d16202